| Tag |
First Indicator |
Second Indicator |
Subfields |
| LEADER |
00000cam a2200000 i 4500 |
| 001 |
in00002012244 |
| 005 |
20151031155005.0 |
| 008 |
041222b1980 ilua 000 0 eng |
| 040 |
|
|
|d UtOrBLW
|
| 086 |
0 |
|
|a D 209.12/3:N-1595
|
| 100 |
1 |
|
|a Wadsworth, J.F.
|
| 245 |
1 |
0 |
|a Propellant-embedded anchors :
|b prediction of holding capacity in coral and rock seafloors /
|c J.F. Wadsworth and R.M. Beard.
|
| 264 |
|
1 |
|a [Place of publication not identified] :
|b [publisher not identified] ;
|c 1980.
|
| 300 |
|
|
|a 70 pages
|
| 336 |
|
|
|a text
|b txt
|2 rdacontent
|
| 337 |
|
|
|a unmediated
|b n
|2 rdamedia
|
| 338 |
|
|
|a volume
|b nc
|2 rdacarrier
|
| 490 |
1 |
|
|a Technical note ;
|v N-1595
|
| 830 |
|
0 |
|a Technical note (Naval Civil Engineering Laboratory (Port Hueneme, Calif.)) ;
|v N-1595.
|
| 945 |
|
|
|a cataloged
|k rvaughan
|c 2004/12/22
|
| 999 |
|
|
|a MARS
|
| 999 |
f |
f |
|s 53c1748a-bd10-3664-89bd-e3e4a3b12d34
|i dd021f76-0a00-32e7-86ea-eb2d3f182328
|t 0
|
| 952 |
f |
f |
|p normal
|a Texas A&M University
|b College Station
|c Sterling C. Evans Library
|d Evans: US Documents (Annex 5th floor)
|t 0
|e D 209.12/3:N-1595
|h Superintendent of Documents classification
|i unmediated -- volume
|m A14832423053
|
| 998 |
f |
f |
|a D 209.12/3:N-1595
|t 0
|l Evans: US Documents (Annex 5th floor)
|